[Event "Eesti mv 2003"]
[Site "?"]
[Date "2003.??.??"]
[Round "4.1"]
[White "Sepp, Olav"]
[Black "Seeman, Tarvo"]
[Result "0-1"]
[WhiteElo "2456"]
[BlackElo "2450"]
[PlyCount "62"]

1. g3 Nf6 2. Bg2 d5 3. Nf3 c5 4. O-O Nc6 5. d4 e6 6. c4 dxc4 7. dxc5 Qxd1 8.
Rxd1 Bxc5 9. Nbd2 c3 10. bxc3 O-O 11. Nb3 Be7 12. Nfd4 Rd8 13. Bg5 Bd7 14. Nxc6
Bxc6 15. Bxc6 bxc6 16. Rd4 Rd5 17. Bxf6 gxf6 18. e4 Rb5 19. Rd7 Bf8 20. Rc7 a5
21. Nd4 Rb2 22. Nxc6 a4 23. a3 Re2 24. f3 Bd6 25. Rd7 Bc5+ 26. Kh1 Rc8 27. Rd8+
Rxd8 28. Nxd8 Rc2 29. Rb1 Bxa3 30. Rb7 Bf8 31. Ra7 a3 0-1

[Event "Eesti mv 2003"]
[Site "?"]
[Date "2003.??.??"]
[Round "4.1"]
[White "Zavoronkov, Vladimir"]
[Black "Külaots, Kaido"]
[Result "0-1"]
[WhiteElo "2387"]
[BlackElo "2531"]
[PlyCount "70"]

1. e4 c5 2. Nf3 e6 3. d4 cxd4 4. Nxd4 a6 5. Bd3 Nf6 6. c4 Nc6 7. Nxc6 dxc6 8.
O-O e5 9. Qc2 Nd7 10. Qc3 Bc5 11. Be3 Bxe3 12. fxe3 a5 13. Nd2 Qb6 14. Rf3 O-O
15. Rc1 Nc5 16. b3 Qb4 17. Nf1 Qxc3 18. Rxc3 Be6 19. Bc2 Rfd8 20. Rf2 Kf8 21.
h3 Ke7 22. Ng3 Rd7 23. Nh5 Kf8 24. Kf1 Rad8 25. Ke1 a4 26. b4 Rd3 27. Bxd3
Nxd3+ 28. Rxd3 Rxd3 29. Rd2 Bxc4 30. Rxd3 Bxd3 31. Ng3 a3 32. Kd2 Bb1 33. Kc3
Bxa2 34. Nf5 Be6 35. Nd6 b6 0-1

[Event "Eesti mv 2003"]
[Site "?"]
[Date "2003.??.??"]
[Round "4.1"]
[White "Shishkov, Andrei"]
[Black "Kanep, Meelis"]
[Result "0-1"]
[WhiteElo "2369"]
[BlackElo "2454"]
[PlyCount "142"]

1. d4 Nf6 2. c4 g6 3. Nc3 Bg7 4. e4 d6 5. Bd3 O-O 6. Nge2 c5 7. d5 e6 8. h3
exd5 9. exd5 Nbd7 10. f4 a6 11. a4 Re8 12. O-O Nh5 13. g4 Nhf6 14. Ng3 h6 15.
Kg2 Nf8 16. Bd2 Bd7 17. Qf3 Qb6 18. b3 Qc7 19. Rab1 Re7 20. f5 g5 21. Nge4 N8h7
22. h4 gxh4 23. Rh1 Nxe4 24. Nxe4 f6 25. Rxh4 Ng5 26. Qf4 Rae8 27. Ng3 b5 28.
axb5 axb5 29. Rhh1 Re5 30. Rhe1 Rxe1 31. Rxe1 Rxe1 32. Bxe1 b4 33. Ne2 Nf7 34.
Qe4 Ne5 35. Kh3 Qa5 36. Nf4 Qa3 37. Bc2 Ba4 38. Qe3 Qb2 39. bxa4 Qxc2 40. a5
Qxc4 41. Kg3 Qa2 42. Ne6 Qxa5 43. Kh4 Qa3 44. Qxa3 bxa3 45. Bc3 Nd3 46. Nc7 Nb4
47. Nb5 Nxd5 48. Ba1 a2 49. Nxd6 Nb4 50. Ne4 Nc2 51. Bc3 a1=Q 52. Bxa1 Nxa1 53.
Nxc5 Nc2 54. Kh5 Kh7 55. Ne6 Ne3 56. Kh4 Nc4 57. Kh5 Ne5 58. Kh4 Nf7 59. Kh5
Ng5 60. Nc7 Bf8 61. Nd5 Ne4 62. Nf4 Bb4 63. Ne6 Ng3+ 64. Kh4 Be1 65. Kh3 Ne4
66. Kg2 Bc3 67. Nf8+ Kg7 68. Ne6+ Kf7 69. Nd8+ Ke7 70. Nc6+ Kd7 71. Na7 Nd6 0-1

[Event "Eesti mv 2003"]
[Site "?"]
[Date "2003.??.??"]
[Round "4.2"]
[White "Lauk, Ülar"]
[Black "Rõtshagov, Mihhail"]
[Result "1/2-1/2"]
[WhiteElo "2370"]
[BlackElo "2520"]
[PlyCount "35"]

1. e4 c5 2. Nf3 d6 3. d4 cxd4 4. Nxd4 Nf6 5. Nc3 a6 6. Be3 e6 7. Be2 Be7 8. f4
O-O 9. O-O Nc6 10. a4 Qc7 11. Kh1 Re8 12. Bg1 Nxd4 13. Qxd4 e5 14. Qd3 exf4 15.
Rxf4 d5 16. Raf1 dxe4 17. Nxe4 Nxe4 18. Qxe4 1/2-1/2

[Event "Eesti mv 2003"]
[Site "?"]
[Date "2003.??.??"]
[Round "4.2"]
[White "Kanep, Meelis"]
[Black "Shishkov, Andrei"]
[Result "1/2-1/2"]
[WhiteElo "2454"]
[BlackElo "2369"]
[PlyCount "46"]

1. d4 d5 2. c4 Bf5 3. Nc3 e6 4. Nf3 c6 5. e3 Nd7 6. Bd3 Bxd3 7. Qxd3 f5 8. cxd5
cxd5 9. Qb5 Rb8 10. Bd2 a6 11. Qa4 Ngf6 12. Ne2 Bd6 13. Bb4 b5 14. Qa3 Bxb4+
15. Qxb4 a5 16. Qb3 O-O 17. O-O Nb6 18. Nf4 Qd6 19. Rfc1 Nc4 20. Qc2 Rfc8 21.
b3 Nb6 22. Qe2 b4 23. Qa6 Ne4 1/2-1/2

[Event "Eesti mv 2003"]
[Site "?"]
[Date "2003.??.??"]
[Round "4.2"]
[White "Külaots, Kaido"]
[Black "Zavoronkov, Juri"]
[Result "1/2-1/2"]
[WhiteElo "2531"]
[BlackElo "2387"]
[PlyCount "105"]

1. d4 Nf6 2. Nf3 e6 3. g3 b6 4. Bg2 Bb7 5. c4 Bb4+ 6. Bd2 Qe7 7. O-O O-O 8. Bg5
h6 9. Bxf6 Qxf6 10. a3 Be7 11. Nc3 d6 12. Qc2 Qg6 13. Qxg6 fxg6 14. Bh3 Kf7 15.
d5 e5 16. Nd2 Bf6 17. Nde4 Ke7 18. Rfd1 a6 19. b4 Bc8 20. Bxc8 Rxc8 21. c5 Nd7
22. c6 Nf8 23. h4 Nh7 24. Kg2 Rh8 25. a4 Kf7 26. Rh1 Be7 27. g4 Nf6 28. Kg3
Nxe4+ 29. Nxe4 g5 30. h5 a5 31. b5 Bf6 32. Ra3 Rhf8 33. Rf3 Ke7 34. e3 Rae8 35.
Rf5 Kd8 36. Kf3 Be7 37. Rxf8 Rxf8+ 38. Ke2 Bf6 39. Rh3 Ke7 40. Kd3 Re8 41. Rf3
Rd8 42. Rf5 Rg8 43. Rf3 Rd8 44. Rh3 Re8 45. Rh1 Rf8 46. Ng3 Kf7 47. Ke4 Re8 48.
Rc1 Rd8 49. Kf5 Re8 50. Ne4 Re7 51. Rc4 Re8 52. Nxf6 gxf6 53. e4 1/2-1/2

[Event "Eesti mv 2003"]
[Site "?"]
[Date "2003/5/23"]
[Round "5.1"]
[White "Kanep, Meelis"]
[Black "Lauk, Ülar"]
[Result "1-0"]
[WhiteElo "2446"]
[BlackElo "2342"]
[WhiteCountry "EST"]
[BlackCountry "EST"]
[Board "1"]

1. d4 Nf6 2. Nf3 e6 3. g3 c5 4. c4 cxd4 5. Nxd4 Nc6 6. Bg2 Qb6 7. Nb3 Be7
8. Nc3 a6 9. O-O d6 10. e4 O-O 11. Be3 Qc7 12. f4 Na5 13. Nxa5 Qxa5
14. h3 Bd7 15. Qd2 Qc7 16. Rac1 Rfc8 17. g4 Be8 18. b3 Nd7 19. g5 b6
20. h4 Rab8 21. Bh3 Nc5 22. f5 Bd7 23. b4 Nb7 24. Qf2 Nd8 25. h5 d5
26. fxe6 fxe6 27. cxd5 Qd6 28. e5 1-0

[Event "Eesti mv 2003"]
[Site "?"]
[Date "24.05."]
[Round "5.2"]
[White "Lauk, Ülar"]
[Black "Kanep, Meelis"]
[Result "1/2-1/2"]
[WhiteElo "2342"]
[BlackElo "2446"]
[WhiteCountry "EST"]
[BlackCountry "EST"]
[Board "1"]

1. e4 c5 2. Nf3 d6 3. d4 cxd4 4. Nxd4 Nf6 5. Nc3 a6 6. Be3 e6 7. g4 h6
8. f4 e5 9. Nf5 h5 10. gxh5 exf4 11. Bxf4 Nxh5 12. Nxd6 Bxd6 13. Bxd6 Qh4
14. Kd2 Qg5 15. Ke1 Qh4 16. Kd2 Qg5 17. Kd3 1/2-1/2

[Event "Eesti mv 2003"]
[Site "?"]
[Date "25.05."]
[Round "6.1"]
[White "Seeman, Tarvo"]
[Black "Lauk, Ülar"]
[Result "1/2"]
[WhiteElo "2450"]
[BlackElo "2370"]
[WhiteCountry ""]
[BlackCountry ""]
[Board "1"]

1. e4 e5 2. Nf3 Nf6 3. Nxe5 d6 4. Nf3 Nxe4 5. d4 d5 6. Bd3 Bd6 7. O-O O-O
8. c4 c6 9. Nc3 Nxc3 10. bxc3 dxc4 11. Bxc4 Bg4 12. Qd3 Nd7 13. Ng5 Nf6
14. h3 Bh5 15. f4 b5 16. Bb3 h6 17. g4 hxg5 18. fxg5 Nxg4 19. hxg4 Qd7
20. gxh5 Qg4 21. Kf2 Rae8 22. Rg1 Qh4 23. Kg2 Qh2 24. Kf1 Bf4 25. Qf3 Re1
26. Kxe1 Qxg1 27. Ke2 Bxc1 28. Rxc1 Qxc1 29. g6 Re8 30. Kd3 Qb1 31. Kd2 Qe1
32. Kd3 Qb1 1/2-1/2